LIBRARY & INFORMATION CENTRE, KCAET, TAVANUR

ONLINE PUBLIC ACCESS CATALOGUE (OPAC)

Economics of ground water irrigation in hard rock regions with special reference to Maharashtra state / (Record no. 7323)

MARC details
000 -LEADER
fixed length control field 00527cam a2200181ua 4500
020 ## - INTERNATIONAL STANDARD BOOK NUMBER
ISBN 81-85005-45-1
041 ## - LANGUAGE CODE
Language code of text/sound track or separate title eng
082 ## - DEWEY DECIMAL CLASSIFICATION NUMBER
Classification number 631.587
Item number BHA/EC
100 ## - MAIN ENTRY--AUTHOR NAME
Personal name Bhawan, B D .
245 ## - TITLE STATEMENT
Title Economics of ground water irrigation in hard rock regions with special reference to Maharashtra state /
250 ## - EDITION STATEMENT
Edition statement 1 /
260 ## - PUBLICATION, DISTRIBUTION, ETC. (IMPRINT)
Place of publication New Delhi :
Name of publisher Agricole Publishing Academy ,
Year of publication 1986.
300 ## - PHYSICAL DESCRIPTION
Number of Pages 101 ; .
942 ## - ADDED ENTRY ELEMENTS (KOHA)
Koha item type Books
Holdings
Withdrawn status Lost status Damaged status Home library Current library Date acquired Full call number Accession Number Koha item type
      KAUAET KAUAET 07/04/2012 631.587 17802 Books
      KAUAET KAUAET 23/01/1987 631.587 15976 Books
free website counter